[Event "C.to Italiano Semifinale"]
[Site "Civitanova Marche ITA"]
[Date "2012.07.15"]
[Round "1"]
[White "Astengo, Marcello"]
[Black "Bentivegna, Francesco"]
[WhiteElo "2033"]
[BlackElo "2299"]
[Result "0-1"]
[PlyCount "68"]
[EventDate "2012.07.15"]

1. d4 d5 2. c4 dxc4 3. e3 e5 4. Nf3 Nc6 5. Bxc4 e4 6. Nfd2 Qg5 7. Kf1 Nf6 8.
Nc3 Qg6 9. Qc2 Bf5 10. a3 Bd6 11. Nb5 O-O 12. h3 h5 13. b4 a6 14. Nxd6 cxd6 15.
Bb2 Rac8 16. Qb3 b5 17. Be2 Be6 18. Qd1 Ne7 19. a4 Ned5 20. axb5 axb5 21. Ra5
Rc7 22. Kg1 Rfc8 23. Bxb5 Rc2 24. Ba3 Ra2 25. Ba6 Rcc2 26. Bc1 Nxb4 27. Rxa2
Rxa2 28. Bc4 Bxc4 29. Nxc4 Nd3 30. Nd2 Qf5 31. f4 exf3 32. gxf3 Nd5 33. e4 Qg5+
34. Kh2 Qf4+ 0-1

[Event "C.to Italiano Semifinale"]
[Site "Civitanova Marche ITA"]
[Date "2012.07.15"]
[Round "1"]
[White "Bellini, Fabio"]
[Black "Dappiano, Andrea"]
[WhiteElo "2506"]
[BlackElo "2180"]
[Result "1-0"]
[PlyCount "57"]
[EventDate "2012.07.15"]

1. e4 e6 2. d3 d5 3. Qe2 Nf6 4. e5 Nfd7 5. Nf3 c5 6. g3 Nc6 7. Bg2 Be7 8. O-O
O-O 9. c4 Nb6 10. h4 f5 11. exf6 Bxf6 12. Nc3 Nd4 13. Nxd4 cxd4 14. Nb1 dxc4
15. dxc4 e5 16. Nd2 Qc7 17. b3 Be6 18. Ba3 Rfe8 19. Ne4 Be7 20. Bb2 h6 21. Rae1
Bb4 22. Rc1 Be7 23. f4 Rad8 24. f5 Bc8 25. c5 Nd7 26. Ng5 Bxg5 27. hxg5 Nf8 28.
c6 bxc6 29. Rxc6 1-0

[Event "C.to Italiano Semifinale"]
[Site "Civitanova Marche ITA"]
[Date "2012.07.15"]
[Round "1"]
[White "Bonfa', Ileano"]
[Black "Fagnani, Alessandro"]
[WhiteElo "2235"]
[BlackElo "1981"]
[Result "1/2-1/2"]
[PlyCount "46"]
[EventDate "2012.07.15"]

1. c4 e6 2. g3 d5 3. Nf3 dxc4 4. Bg2 a6 5. a4 Nc6 6. O-O Rb8 7. Na3 b5 8. axb5
axb5 9. Nxb5 Rxb5 10. Qa4 Ra5 11. Qxc6+ Bd7 12. Qxd7+ Qxd7 13. Rxa5 f6 14. Ra8+
Kf7 15. d3 cxd3 16. Rd1 Bd6 17. Rxd3 g5 18. Nd4 Kg7 19. Bc6 Qf7 20. Be8 Qe7 21.
Nc6 Qf8 22. Nd4 Qe7 23. Nc6 Qf8 1/2-1/2

[Event "C.to Italiano Semifinale"]
[Site "Civitanova Marche ITA"]
[Date "2012.07.15"]
[Round "1"]
[White "Borgiani, Flavio"]
[Black "Piscopo, Pierluigi"]
[WhiteElo "2148"]
[BlackElo "2360"]
[Result "1/2-1/2"]
[PlyCount "62"]
[EventDate "2012.07.15"]

1. d4 Nf6 2. Nf3 g6 3. c4 Bg7 4. Nc3 O-O 5. g3 d6 6. Bg2 c6 7. O-O Qa5 8. h3 e5
9. e4 Nbd7 10. d5 cxd5 11. cxd5 b5 12. Re1 Nc5 13. a3 b4 14. Na2 b3 15. Nc3 Ba6
16. Bf1 Bxf1 17. Kxf1 Rfc8 18. Kg2 Rab8 19. Bg5 Na4 20. Nxa4 Qxa4 21. Bxf6 Bxf6
22. Rc1 Rc2 23. Rxc2 bxc2 24. Qd3 Rxb2 25. Rc1 Kg7 26. Ne1 Qb3 27. Qxb3 Rxb3
28. Rxc2 Rxa3 29. Rc6 Be7 30. Nc2 Ra2 31. Ne3 Rd2 1/2-1/2

[Event "C.to Italiano Semifinale"]
[Site "Civitanova Marche ITA"]
[Date "2012.07.15"]
[Round "1"]
[White "Bruno, Fabio"]
[Black "Franchini, Gabriele"]
[WhiteElo "2423"]
[BlackElo "2149"]
[Result "1-0"]
[PlyCount "37"]
[EventDate "2012.07.15"]

1. d4 Nf6 2. Nf3 e6 3. e3 c5 4. Bd3 d5 5. c3 Be7 6. O-O O-O 7. dxc5 Bxc5 8.
Nbd2 Nbd7 9. Qe2 b6 10. e4 dxe4 11. Nxe4 Bb7 12. Bg5 Be7 13. Rad1 Nxe4 14. Bxe4
Bxe4 15. Qxe4 Bxg5 16. Nxg5 Qxg5 17. Rxd7 Qb5 18. Rfd1 Qxb2 19. Qxa8 1-0

[Event "C.to Italiano Semifinale"]
[Site "Civitanova Marche ITA"]
[Date "2012.07.15"]
[Round "1"]
[White "Cocchi, Andrea"]
[Black "Viviani, Alessio"]
[WhiteElo "2319"]
[BlackElo "2093"]
[Result "1-0"]
[PlyCount "67"]
[EventDate "2012.07.15"]

1. e4 d6 2. d4 g6 3. Nc3 Bg7 4. g3 Nf6 5. Bg2 O-O 6. Nge2 Nbd7 7. O-O c5 8. h3
cxd4 9. Nxd4 Ne5 10. f4 Nc6 11. Nde2 Qb6+ 12. Kh2 Be6 13. Nd5 Bxd5 14. exd5 Nb4
15. c3 Na6 16. Qb3 Nd7 17. Qxb6 Nxb6 18. Be3 Nc4 19. Bg1 Nc5 20. b3 Nb6 21.
Rac1 Rfc8 22. Rfd1 a5 23. c4 Ra6 24. Nc3 Na8 25. Bxc5 Rxc5 26. Ne4 Rc8 27. c5
Bb2 28. Rc2 Ba3 29. cxd6 Rd8 30. dxe7 Bxe7 31. d6 Bf8 32. d7 Be7 33. Rc8 b6 34.
Nd6 1-0

[Event "C.to Italiano Semifinale"]
[Site "Civitanova Marche ITA"]
[Date "2012.07.15"]
[Round "1"]
[White "Contin, Daniel"]
[Black "Rettore, Ludwig"]
[WhiteElo "2346"]
[BlackElo "2119"]
[Result "1-0"]
[PlyCount "64"]
[EventDate "2012.07.15"]

1. c4 e5 2. Nc3 Nf6 3. Nf3 d6 4. d4 Nbd7 5. g3 Be7 6. Bg2 O-O 7. O-O c6 8. e4
Re8 9. h3 Qc7 10. Be3 a5 11. Rc1 exd4 12. Nxd4 Nc5 13. Qc2 Bf8 14. Rfe1 h6 15.
f4 Bd7 16. Bf2 Rad8 17. Rcd1 Bc8 18. Kh2 g6 19. Re2 Rd7 20. Rde1 Nh5 21. Nf3
Rde7 22. Qd2 Nd7 23. Nd4 Ndf6 24. b3 Bg7 25. Ndb5 cxb5 26. Nxb5 Qd7 27. Nxd6
Rd8 28. e5 Ne8 29. c5 Bh8 30. Qxa5 Nxd6 31. cxd6 Re6 32. Rc2 Ng7 1-0

[Event "C.to Italiano Semifinale"]
[Site "Civitanova Marche ITA"]
[Date "2012.07.15"]
[Round "1"]
[White "De Filomeno, Simone"]
[Black "Fioravanti, Diego"]
[WhiteElo "2338"]
[BlackElo "2117"]
[Result "1-0"]
[PlyCount "115"]
[EventDate "2012.07.15"]

1. e4 c5 2. Nf3 d6 3. d4 cxd4 4. Nxd4 Nf6 5. Nc3 g6 6. g3 Bg7 7. Bg2 O-O 8. O-O
Bg4 9. Nde2 Qc8 10. f3 Bd7 11. Be3 Nc6 12. Qd2 Ne5 13. b3 Rd8 14. Rac1 Bc6 15.
Nd5 Bxd5 16. exd5 b5 17. f4 Neg4 18. Bd4 Nh5 19. h3 Bxd4+ 20. Nxd4 Ngf6 21. g4
Ng7 22. Nxb5 Qc5+ 23. Nd4 Nxd5 24. c4 Ne6 25. cxd5 Qxd4+ 26. Qxd4 Nxd4 27. Rfe1
Rac8 28. Rcd1 Nb5 29. Rxe7 Rc2 30. a4 Nc3 31. Rde1 Rb8 32. f5 gxf5 33. gxf5 Kg7
34. Rxa7 Ne2+ 35. Kh1 Rxb3 36. f6+ Kxf6 37. Rf1+ Kg5 38. Rfxf7 Ng3+ 39. Kh2 Nf5
40. Rf8 Rbb2 41. Rg8+ Kf4 42. Rxh7 Ke3 43. Rf7 Nd4 44. Rg3+ Ke2 45. h4 Rb4 46.
h5 Rc8 47. h6 Rh8 48. h7 Rxa4 49. Rg8 Ra8 50. Rxa8 Rxa8 51. Rg7 Rh8 52. Be4
Nf3+ 53. Kg3 Ne5 54. Rg8 Nf7 55. Kf4 Kd2 56. Rxh8 Nxh8 57. Kf5 Ke3 58. Bh1 1-0

[Event "C.to Italiano Semifinale"]
[Site "Civitanova Marche ITA"]
[Date "2012.07.15"]
[Round "1"]
[White "De Nisi, Roberta"]
[Black "Spornberger, Maximilian"]
[WhiteElo "1975"]
[BlackElo "2226"]
[Result "0-1"]
[PlyCount "90"]
[EventDate "2012.07.15"]

1. d4 g6 2. c4 Bg7 3. Nc3 d6 4. e4 a6 5. Be3 Nf6 6. f3 O-O 7. Qd2 Nc6 8. Nge2
Rb8 9. Rb1 Bd7 10. b4 b5 11. cxb5 axb5 12. d5 Ne5 13. Nd4 Qe8 14. Be2 e6 15.
O-O exd5 16. exd5 c5 17. dxc6 Bxc6 18. Nxc6 Qxc6 19. Rfc1 Qd7 20. Bg5 Rfc8 21.
Bxf6 Bxf6 22. Nd5 Bd8 23. Rxc8 Rxc8 24. Rc1 Qa7+ 25. Kf1 Rxc1+ 26. Qxc1 Qxa2
27. Qc8 Qxd5 28. Qxd8+ Kg7 29. Qb6 Nc4 30. Qa7 Qd2 31. Qa1+ Kh6 32. Bxc4 bxc4
33. Qe1 Qd4 34. b5 c3 35. Qc1+ Kg7 36. b6 Qc4+ 37. Ke1 Qd4 38. Ke2 Qc4+ 39. Ke1
Qb4 40. Qc2 d5 41. b7 d4 42. Qe4 c2+ 43. Kf2 c1=Q 44. Qe5+ f6 45. b8=Q Qcb2+
0-1

[Event "C.to Italiano Semifinale"]
[Site "Civitanova Marche ITA"]
[Date "2012.07.15"]
[Round "1"]
[White "Dobboletta, Alex"]
[Black "Costantini, Roberto"]
[WhiteElo "2002"]
[BlackElo "2289"]
[Result "0-1"]
[PlyCount "82"]
[EventDate "2012.07.15"]

1. e4 c5 2. Nf3 d6 3. d4 cxd4 4. Nxd4 Nf6 5. Nc3 a6 6. f3 e5 7. Nb3 Be6 8. Be3
Be7 9. Qd2 O-O 10. g4 d5 11. g5 d4 12. gxf6 Bxf6 13. O-O-O dxe3 14. Qxd8 Bxd8
15. Nc5 Nc6 16. Nxe6 fxe6 17. Rg1 Nd4 18. Ne2 Nxf3 19. Rg3 Bh4 20. Rg4 Nxh2 21.
Rxh4 Nxf1 22. Rh1 Nd2 23. Rh3 Rf2 24. Rxe3 Nc4 25. Rc3 Nxb2 26. Kxb2 Rxe2 27.
Rc7 Rf8 28. Rg1 g6 29. Rh1 Rf7 30. Rxf7 Kxf7 31. Rxh7+ Kf6 32. Rxb7 g5 33. Kb3
g4 34. Rb8 Rxe4 35. Rg8 Kf7 36. Rg5 Ke7 37. c4 Kd6 38. Kb4 Rf4 39. a4 e4 40.
c5+ Kd7 41. Re5 g3 0-1

[Event "C.to Italiano Semifinale"]
[Site "Civitanova Marche ITA"]
[Date "2012.07.15"]
[Round "1"]
[White "Genocchio, Daniele"]
[Black "Formento, Paolo"]
[WhiteElo "2431"]
[BlackElo "2155"]
[Result "1-0"]
[PlyCount "83"]
[EventDate "2012.07.15"]

1. Nf3 c5 2. c4 Nf6 3. Nc3 d5 4. cxd5 Nxd5 5. e4 Nxc3 6. dxc3 Qxd1+ 7. Kxd1 Bg4
8. Be3 Nd7 9. Kc2 O-O-O 10. Bb5 Bxf3 11. gxf3 e6 12. h4 h5 13. Bg5 f6 14. Be3
Ne5 15. Be2 Bd6 16. Rad1 Kc7 17. a3 Rd7 18. b4 cxb4 19. axb4 Ng6 20. Bc4 Re7
21. Bxa7 Ne5 22. Bb3 Ra8 23. Bb6+ Kxb6 24. Rxd6+ Kc7 25. Rhd1 Ra6 26. Rxa6 bxa6
27. f4 Nf3 28. Bc4 Nxh4 29. Rh1 Ng2 30. Rxh5 Nxf4 31. Rc5+ Kb6 32. Ra5 Ra7 33.
e5 f5 34. Kb3 g5 35. Bf1 Nd5 36. c4 Ne7 37. c5+ Kc6 38. Bxa6 Nd5 39. Bb5+ Kb7
40. Bc6+ Kxc6 41. Rxa7 Nc7 42. Kc4 1-0

[Event "C.to Italiano Semifinale"]
[Site "Civitanova Marche ITA"]
[Date "2012.07.15"]
[Round "1"]
[White "Lantini, Marco"]
[Black "Caprio, Guido"]
[WhiteElo "2153"]
[BlackElo "2430"]
[Result "1/2-1/2"]
[PlyCount "45"]
[EventDate "2012.07.15"]

1. d4 Nf6 2. c4 d6 3. Nc3 Nbd7 4. Nf3 e5 5. Bg5 c6 6. e3 Qa5 7. Qd2 g6 8. Be2
Bg7 9. O-O Qc7 10. Qc2 O-O 11. Rac1 Re8 12. Rfe1 a6 13. b4 h6 14. Bh4 exd4 15.
exd4 a5 16. b5 c5 17. dxc5 Nxc5 18. Nd4 Be6 19. Nxe6 Nxe6 20. Bxf6 Bxf6 21. Nd5
Qd8 22. Bg4 Bg7 23. Bxe6 1/2-1/2

[Event "C.to Italiano Semifinale"]
[Site "Civitanova Marche ITA"]
[Date "2012.07.15"]
[Round "1"]
[White "Lapenna, Antonio"]
[Black "Collutiis, Duilio"]
[WhiteElo "2207"]
[BlackElo "2508"]
[Result "1/2-1/2"]
[PlyCount "90"]
[EventDate "2012.07.15"]

1. d4 Nf6 2. Nf3 g6 3. Nbd2 d5 4. c4 Bg7 5. g3 O-O 6. Bg2 e6 7. O-O b6 8. b3
Bb7 9. Ba3 Re8 10. Qc2 Nbd7 11. Rfd1 Rc8 12. c5 c6 13. b4 Ba6 14. e3 Qc7 15.
Bb2 Qb7 16. Bc3 Be2 17. Re1 Bxf3 18. Bxf3 e5 19. dxe5 Nxe5 20. Bg2 bxc5 21.
bxc5 Qb5 22. Bd4 Qd3 23. Qa4 Nfg4 24. Nf3 Qf5 25. Bxe5 Bxe5 26. Rab1 Bc3 27.
Rf1 Rc7 28. Nd4 Bxd4 29. Qxd4 h5 30. Rb2 Rce7 31. h3 Ne5 32. Rb3 Nd7 33. Rfb1
Qc2 34. Qc3 Qf5 35. Rb7 Nf6 36. Rb8 Kg7 37. R1b2 Qe6 38. Rxe8 Rxe8 39. Rb4 Kg8
40. Qb2 Nd7 41. Qd4 Nf8 42. Rb7 Re7 43. Rb8 Re8 44. Rb7 Re7 45. Rb8 Re8 1/2-1/2

[Event "C.to Italiano Semifinale"]
[Site "Civitanova Marche ITA"]
[Date "2012.07.15"]
[Round "1"]
[White "Lattanzio, Savino"]
[Black "Gilevych, Artem"]
[WhiteElo "2089"]
[BlackElo "2303"]
[Result "0-1"]
[PlyCount "92"]
[EventDate "2012.07.15"]

1. e4 Nc6 2. d4 d5 3. Nc3 Nf6 4. e5 Nd7 5. e6 fxe6 6. Nf3 e5 7. dxe5 e6 8. Bf4
Be7 9. g3 O-O 10. h4 Nc5 11. Ng5 Qe8 12. Bd3 Nxd3+ 13. Qxd3 Qh5 14. g4 Qg6 15.
Qxg6 hxg6 16. Bg3 Bxg5 17. hxg5 Nd4 18. O-O-O Nf3 19. Ne2 Nxg5 20. Nf4 Kf7 21.
Bh4 Nf3 22. Bg3 g5 23. Nh5 b6 24. Rd3 Kg6 25. Nf4+ gxf4 26. Rxf3 Bb7 27. Rxf4
Rxf4 28. Bxf4 Rf8 29. Bg3 d4 30. Rh4 Bf3 31. g5 c5 32. Rf4 Rxf4 33. Bxf4 Kf5
34. Bg3 Kxg5 35. Kd2 Kf5 36. c3 Ke4 37. Bh2 g5 38. Bg3 Kd5 39. Bh2 Be4 40. cxd4
Kxd4 41. Bg3 Bd5 42. a3 Bf3 43. Bh2 Kc4 44. Bg3 Kb3 45. Kc1 a5 46. Kb1 a4 0-1

[Event "C.to Italiano Semifinale"]
[Site "Civitanova Marche ITA"]
[Date "2012.07.15"]
[Round "1"]
[White "Martorelli, Antonio"]
[Black "Villa, Giorgio"]
[WhiteElo "2219"]
[BlackElo "1949"]
[Result "1/2-1/2"]
[PlyCount "37"]
[EventDate "2012.07.15"]

1. c4 c6 2. e4 d5 3. exd5 cxd5 4. d4 Nf6 5. Nc3 e6 6. Qb3 Be7 7. cxd5 O-O 8.
Be2 Na6 9. Bg5 b5 10. Bxb5 Rb8 11. Bf4 Nc7 12. Qc4 Rb7 13. Bc6 Rxb2 14. Nge2
Ba6 15. Qa4 Bxe2 16. Nxe2 Ncxd5 17. Rc1 Rxe2+ 18. Kxe2 Nxf4+ 19. Kf3 1/2-1/2

[Event "C.to Italiano Semifinale"]
[Site "Civitanova Marche ITA"]
[Date "2012.07.15"]
[Round "1"]
[White "Mortola, Alberto"]
[Black "Rambaldi, Francesco"]
[WhiteElo "1989"]
[BlackElo "2257"]
[Result "0-1"]
[PlyCount "64"]
[EventDate "2012.07.15"]

1. e4 c5 2. c3 Nf6 3. e5 Nd5 4. d4 e6 5. Nf3 cxd4 6. cxd4 b6 7. Nc3 Nxc3 8.
bxc3 Qc7 9. Qb3 Bb7 10. Ba3 d6 11. Bb5+ Nc6 12. O-O O-O-O 13. Bxd6 Bxd6 14.
exd6 Rxd6 15. Bxc6 Qxc6 16. a4 Qc7 17. c4 g5 18. Rfc1 Kb8 19. c5 bxc5 20. Rxc5
Qe7 21. Ne5 Ka8 22. Rac1 Rxd4 23. Rc7 Qb4 24. Qxb4 Rxb4 25. Nxf7 Rf8 26. Nd6
Bd5 27. Rxh7 Rg4 28. g3 Rxa4 29. Nb5 Bc4 30. Rxa7+ Rxa7 31. Nxa7 Ba6 32. Rc7
Rb8 0-1

[Event "C.to Italiano Semifinale"]
[Site "Civitanova Marche ITA"]
[Date "2012.07.15"]
[Round "1"]
[White "Parrella, Alfredo"]
[Black "Altini, Nicola"]
[WhiteElo "2101"]
[BlackElo "2332"]
[Result "0-1"]
[PlyCount "138"]
[EventDate "2012.07.15"]

1. Nf3 d5 2. d4 Nf6 3. c4 c6 4. e3 Bf5 5. Nc3 e6 6. Nh4 Bg6 7. Be2 Nbd7 8. O-O
Ne4 9. g3 Nd6 10. b3 Be7 11. Nxg6 hxg6 12. f3 Qc7 13. e4 dxe4 14. fxe4 O-O-O
15. Be3 f5 16. e5 Nf7 17. Qc2 g5 18. c5 Nfxe5 19. dxe5 Qxe5 20. Bf2 Bxc5 21.
Bf3 g4 22. Bh1 Rh6 23. Na4 Rxh2 24. Nxc5 Rdh8 25. Bg2 Nxc5 26. Rad1 Ne4 27. Qd3
Ng5 28. Bxa7 Qc7 29. Rf4 Nh3+ 30. Bxh3 R2xh3 31. Kf1 c5 32. Bxc5 Qxc5 33. Qd7+
Kb8 34. Qd6+ Qxd6 35. Rxd6 Rxg3 36. Rxe6 Rf3+ 37. Rxf3 gxf3 38. Re7 Rh2 39.
Rxg7 Rxa2 40. Rg3 f2 41. Rf3 Kc7 42. Rxf5 Kc6 43. b4 Rb2 44. Rc5+ Kb6 45. Re5
Ka7 46. Ra5+ Kb8 47. Rb5 Ka7 48. Ra5+ Kb6 49. Re5 Rxb4 50. Kxf2 Rd4 51. Re1 Kc5
52. Rc1+ Rc4 53. Rb1 b5 54. Ke3 Kb6 55. Kd3 Ka5 56. Ra1+ Kb4 57. Rh1 Ka3 58.
Rh5 Rb4 59. Kc2 Rb2+ 60. Kc1 b4 61. Ra5+ Kb3 62. Rh5 Rg2 63. Rh8 Rg1+ 64. Kd2
Kb2 65. Ra8 b3 66. Rb8 Ka2 67. Kc3 Rg3+ 68. Kd2 b2 69. Kc2 b1=Q+ 0-1

[Event "C.to Italiano Semifinale"]
[Site "Civitanova Marche ITA"]
[Date "2012.07.15"]
[Round "1"]
[White "Pipitone, Antonio"]
[Black "Gagliardi, Christian"]
[WhiteElo "1942"]
[BlackElo "2209"]
[Result "0-1"]
[PlyCount "76"]
[EventDate "2012.07.15"]

1. e4 c5 2. Nf3 e6 3. d4 cxd4 4. Nxd4 Nc6 5. Nc3 Qc7 6. Be2 a6 7. O-O Nf6 8.
Be3 Bb4 9. f3 d5 10. Nxc6 bxc6 11. exd5 cxd5 12. Qd4 Bd6 13. Qh4 Rb8 14. Bxa6
Bd7 15. Bd3 Rxb2 16. Nd1 Rb4 17. g4 h5 18. a3 Rb8 19. g5 Ng8 20. f4 Ne7 21. Bd4
Bb5 22. Ne3 Bc5 23. f5 e5 24. Bxc5 Qxc5 25. Qf2 Bc6 26. h4 f6 27. Kh2 Ra8 28.
Be2 Ra4 29. Rab1 Kd7 30. Rb3 d4 31. Rd1 Kc7 32. Ng2 Rxa3 33. gxf6 gxf6 34. Rxa3
Qxa3 35. Rd3 Qd6 36. Rg3 e4 37. Kh3 e3 38. Qe1 Qc5 0-1

[Event "C.to Italiano Semifinale"]
[Site "Civitanova Marche ITA"]
[Date "2012.07.15"]
[Round "1"]
[White "Sbarra, Marco"]
[Black "Cocuzzi, Edoardo"]
[WhiteElo "2271"]
[BlackElo "1993"]
[Result "1-0"]
[PlyCount "44"]
[EventDate "2012.07.15"]

1. d4 g6 2. c4 Bg7 3. e4 d6 4. Nc3 c5 5. d5 Bxc3+ 6. bxc3 Nf6 7. Bd3 O-O 8. Bh6
Re8 9. Ne2 Nbd7 10. Ng3 Ne5 11. Be2 Qa5 12. O-O Qxc3 13. a4 Qa5 14. Bd2 Qc7 15.
f4 Ned7 16. Bc3 Rf8 17. Ra3 Ne8 18. Bb2 f6 19. h4 Ng7 20. h5 e5 21. dxe6 Nxe6
22. hxg6 hxg6 1-0

[Event "C.to Italiano Semifinale"]
[Site "Civitanova Marche ITA"]
[Date "2012.07.15"]
[Round "1"]
[White "Sibilio, Mario"]
[Black "Bianco, Valerio"]
[WhiteElo "2352"]
[BlackElo "2141"]
[Result "1-0"]
[PlyCount "65"]
[EventDate "2012.07.15"]

1. d4 d5 2. c4 c6 3. Nf3 e6 4. Qb3 Nf6 5. g3 dxc4 6. Qxc4 b5 7. Qc2 Bb7 8. Bg2
Nbd7 9. Bg5 Rc8 10. O-O h6 11. Bxf6 Nxf6 12. a4 Be7 13. Nbd2 O-O 14. Rfc1 c5
15. axb5 cxd4 16. Qd3 Bc5 17. Ne5 Bxg2 18. Kxg2 Qd5+ 19. Ndf3 Bd6 20. Nc6 e5
21. Qc4 Qe4 22. Kg1 Qf5 23. Nfxe5 Rxc6 24. Nxc6 Qh3 25. Nxd4 Ng4 26. Nf3 h5 27.
e3 Nf6 28. Rxa7 Qf5 29. Nd4 Qe5 30. b6 g5 31. b7 Qe4 32. Qc6 Rd8 33. Qxd6 1-0

[Event "C.to Italiano Semifinale"]
[Site "Civitanova Marche ITA"]
[Date "2012.07.15"]
[Round "1"]
[White "Stella, Luca"]
[Black "Bonafede, Alessandro"]
[WhiteElo "2134"]
[BlackElo "2351"]
[Result "1/2-1/2"]
[PlyCount "69"]
[EventDate "2012.07.15"]

1. e4 c5 2. Nf3 Nc6 3. d4 cxd4 4. Nxd4 Nf6 5. Nc3 e5 6. Ndb5 d6 7. Bg5 a6 8.
Na3 b5 9. Nd5 Be7 10. Bxf6 Bxf6 11. c4 b4 12. Nc2 a5 13. g3 Bg5 14. Bg2 O-O 15.
O-O Ne7 16. Nce3 Bxe3 17. Nxe3 Be6 18. Qd3 Qc7 19. Rfd1 Rfd8 20. Rac1 Rac8 21.
Bf3 Qc5 22. Bg4 Nc6 23. b3 Rc7 24. h3 Ra7 25. Rd2 a4 26. Rcd1 Ra6 27. Nc2 g6
28. Qf3 Kg7 29. Bxe6 fxe6 30. Qg4 axb3 31. axb3 Rf8 32. Qxe6 Na5 33. Ne3 Rf6
34. Qd7+ Rf7 35. Qa4 1/2-1/2

[Event "C.to Italiano Semifinale"]
[Site "Civitanova Marche ITA"]
[Date "2012.07.15"]
[Round "1"]
[White "Vezzosi, Paolo"]
[Black "Innocenti, Giovanni"]
[WhiteElo "2293"]
[BlackElo "2021"]
[Result "1-0"]
[PlyCount "89"]
[EventDate "2012.07.15"]

1. d4 d5 2. c4 c6 3. Nf3 Nf6 4. Qb3 dxc4 5. Qxc4 Bf5 6. Nc3 e6 7. Bg5 Be7 8. e3
Nbd7 9. Be2 h6 10. Bh4 O-O 11. O-O a6 12. a4 a5 13. Qb3 Qb6 14. Qxb6 Nxb6 15.
Ne5 Nbd5 16. Nc4 Rfe8 17. Rfc1 Bg6 18. f3 Nd7 19. Bxe7 Rxe7 20. e4 Nb4 21. Na2
Nxa2 22. Rxa2 f5 23. e5 f4 24. b3 Nf8 25. Rd2 Bh7 26. Kf2 Nd7 27. g3 fxg3+ 28.
hxg3 Bg6 29. Ke3 Ree8 30. f4 Red8 31. Bf3 Nf8 32. Nd6 Rd7 33. g4 Bh7 34. f5
Rad8 35. Rc5 Ra8 36. Rh2 Ra6 37. Be2 Ra8 38. Bc4 Re7 39. fxe6 Nxe6 40. Nxb7 Kh8
41. Rxa5 Rxa5 42. Nxa5 c5 43. d5 Nd4 44. e6 Re8 45. Nb7 1-0

[Event "C.to Italiano Semifinale"]
[Site "Civitanova Marche ITA"]
[Date "2012.07.15"]
[Round "1"]
[White "Xia, Jie"]
[Black "Di Trapani, Davide"]
[WhiteElo "2301"]
[BlackElo "2072"]
[Result "1/2-1/2"]
[PlyCount "76"]
[EventDate "2012.07.15"]

1. e4 e5 2. Nf3 Nc6 3. d4 exd4 4. Bc4 Bc5 5. c3 Nf6 6. e5 d5 7. Bb5 Ne4 8. cxd4
Bb6 9. Nc3 O-O 10. Be3 Bg4 11. Bxc6 bxc6 12. Qa4 Nxc3 13. bxc3 Qe8 14. h3 Bf5
15. O-O h6 16. Rfe1 Qd7 17. Rac1 Be4 18. Nd2 Bd3 19. Qd1 Rae8 20. Qf3 Qf5 21.
Qg3 Qg6 22. Qh4 Bc2 23. Bxh6 Ba5 24. Re3 Re6 25. Bf4 c5 26. Rg3 Qf5 27. dxc5
Rg6 28. Nb3 Rxg3 29. Qxg3 Bxc3 30. Qxc3 Bxb3 31. Bg3 Bxa2 32. Qa5 Bc4 33. Qxc7
a6 34. Qb6 Rc8 35. Qd6 Qg6 36. c6 Rxc6 37. Qd8+ Kh7 38. Bf4 Bb5 1/2-1/2

[Event "C.to Italiano Semifinale"]
[Site "Civitanova Marche ITA"]
[Date "2012.07.16"]
[Round "2"]
[White "Altini, Nicola"]
[Black "Sbarra, Marco"]
[WhiteElo "2332"]
[BlackElo "2271"]
[Result "1/2-1/2"]
[PlyCount "127"]
[EventDate "2012.07.15"]

1. e4 e5 2. Bc4 Nf6 3. d3 Nc6 4. Nf3 Bc5 5. c3 a6 6. O-O O-O 7. Bg5 h6 8. Bh4
Re8 9. d4 Bd6 10. dxe5 Bxe5 11. Nbd2 d6 12. Bb3 Bf4 13. Qc2 Bg4 14. Rae1 Na5
15. Bg3 Nxb3 16. Bxf4 Bxf3 17. axb3 Bh5 18. c4 Bg6 19. Qd3 c6 20. Qd4 d5 21.
cxd5 cxd5 22. e5 Ne4 23. Rd1 Rc8 24. Nf3 Nc5 25. Qe3 Bc2 26. Rc1 Ne6 27. Nd4
Nxd4 28. Qxd4 Bxb3 29. Qb4 Bc4 30. Rfd1 Bb5 31. Rxc8 Qxc8 32. Rc1 Qf5 33. h3
Bc6 34. Re1 Qc2 35. Re3 g5 36. Rg3 Kh7 37. Be3 Qb1+ 38. Kh2 Qe4 39. Qd2 d4 40.
Qxd4 Rxe5 41. Qd8 Re8 42. Qf6 Qe6 43. Qc3 Qe5 44. Bd4 Qf4 45. Be3 Qe5 46. Bd4
Qf4 47. Qc5 Kg8 48. Be3 Qe5 49. Qc1 Kh7 50. f4 gxf4 51. Bxf4 Qf6 52. Bd2 Re2
53. Qc2+ Be4 54. Qc8 Rxg2+ 55. Rxg2 Bxg2 56. Bc3 Bxh3 57. Qxh3 Qf2+ 58. Kh1 f5
59. Qd3 Kg6 60. Bd4 Qh4+ 61. Kg1 Qe1+ 62. Kh2 Qh4+ 63. Kg1 Qe1+ 64. Kh2 1/2-1/2

[Event "C.to Italiano Semifinale"]
[Site "Civitanova Marche ITA"]
[Date "2012.07.16"]
[Round "2"]
[White "Bentivegna, Francesco"]
[Black "Genocchio, Daniele"]
[WhiteElo "2299"]
[BlackElo "2431"]
[Result "1/2-1/2"]
[PlyCount "22"]
[EventDate "2012.07.15"]

1. d4 Nf6 2. c4 e6 3. Nc3 Bb4 4. e3 O-O 5. Bd3 d5 6. a3 Be7 7. Nf3 b6 8. O-O
Bb7 9. b3 Nbd7 10. Bb2 c5 11. cxd5 Nxd5 1/2-1/2

[Event "C.to Italiano Semifinale"]
[Site "Civitanova Marche ITA"]
[Date "2012.07.16"]
[Round "2"]
[White "Bianco, Valerio"]
[Black "Mortola, Alberto"]
[WhiteElo "2141"]
[BlackElo "1989"]
[Result "1-0"]
[PlyCount "81"]
[EventDate "2012.07.15"]

1. d4 f5 2. g3 Nf6 3. Bg2 g6 4. Nf3 Bg7 5. O-O O-O 6. b3 Ne4 7. Bb2 d5 8. Qc1
Nd7 9. c4 c6 10. Ne5 Nxe5 11. dxe5 Be6 12. f3 Qb6+ 13. e3 Ng5 14. cxd5 Bxd5 15.
Bd4 Qc7 16. e4 Bxe5 17. Bxe5 Qxe5 18. exd5 Qxa1 19. Qxg5 Qd4+ 20. Kh1 Qxd5 21.
Qxe7 Rf7 22. Qe2 Rd8 23. f4 Qd4 24. Re1 Rfd7 25. h3 Qf6 26. Kh2 Rd4 27. Qe3 Qd6
28. h4 Qd7 29. Qc3 Rd3 30. Qb4 Rd4 31. Qc5 b6 32. Qc3 c5 33. Re2 Qd6 34. Na3
Rd2 35. Nc4 Rd3 36. Qe5 Qxe5 37. fxe5 Re8 38. e6 b5 39. Bc6 bxc4 40. Bxe8 c3
41. e7 1-0

[Event "C.to Italiano Semifinale"]
[Site "Civitanova Marche ITA"]
[Date "2012.07.16"]
[Round "2"]
[White "Bonafede, Alessandro"]
[Black "Borgiani, Flavio"]
[WhiteElo "2351"]
[BlackElo "2148"]
[Result "1-0"]
[PlyCount "77"]
[EventDate "2012.07.15"]

1. e4 e6 2. Qe2 c5 3. Nf3 Nc6 4. g3 Nge7 5. Bg2 g6 6. O-O Bg7 7. d3 O-O 8. c3
d6 9. Rd1 b6 10. d4 cxd4 11. cxd4 a5 12. Bg5 f6 13. Bf4 d5 14. Nc3 Kh8 15. e5
Ba6 16. Qe1 f5 17. Qd2 Rc8 18. h4 Ng8 19. h5 gxh5 20. Ng5 Qe8 21. Rac1 Nb4 22.
Qe3 h6 23. Nxe6 Qxe6 24. a3 Rxc3 25. Qxc3 Rc8 26. Qf3 Rxc1 27. Bxc1 Nc6 28.
Qxd5 Qxd5 29. Bxd5 Nce7 30. Bf3 Bc4 31. d5 Ng6 32. e6 Nf6 33. e7 Kg8 34. d6
Nxe7 35. dxe7 Kf7 36. Re1 Bb5 37. Be3 Ng4 38. Bxb6 Bxb2 39. Rb1 1-0

[Event "C.to Italiano Semifinale"]
[Site "Civitanova Marche ITA"]
[Date "2012.07.16"]
[Round "2"]
[White "Caprio, Guido"]
[Black "Lapenna, Antonio"]
[WhiteElo "2430"]
[BlackElo "2207"]
[Result "1-0"]
[PlyCount "81"]
[EventDate "2012.07.15"]

1. e4 c5 2. Nf3 d6 3. d4 cxd4 4. Nxd4 Nf6 5. Nc3 g6 6. Be3 Bg7 7. f3 Nc6 8. Qd2
O-O 9. Bc4 Bd7 10. O-O-O Rc8 11. Be2 Ne5 12. Kb1 Nc4 13. Bxc4 Rxc4 14. g4 Be6
15. h4 Qa5 16. h5 Rfc8 17. hxg6 Rxc3 18. Nxe6 fxe6 19. bxc3 hxg6 20. Bd4 e5 21.
Be3 Rxc3 22. Rhe1 Qb5+ 23. Ka1 Qc4 24. Rc1 Qc7 25. Kb2 Rc6 26. c4 Ra6 27. c5
Qd7 28. g5 Nh5 29. Red1 Nf4 30. Ka1 Qa4 31. Qc2 Qa3 32. cxd6 exd6 33. Bf2 Rc6
34. Qb3+ Qxb3 35. axb3 Ra6+ 36. Kb2 Ne6 37. Be3 Nd4 38. Rc8+ Kf7 39. Rc7+ Kg8
40. Rxb7 Nxf3 41. Rc1 1-0